10 Random Numbers 1-60 - Blind Ranking - Statistics

General Stats
  • This quiz has been taken 34 times
  • The average score is 5 of 10
Answers on the Map
Answers color-coded by a green-red scale on the quiz's map according to % correct below.
 
Answer Stats
Number % Correct
17
100%
18
100%
2
100%
21
100%
23
100%
24
100%
29
100%
3
100%
33
100%
34
100%
37
100%
44
100%
47
100%
49
100%
51
100%
55
100%
56
100%
9
100%
16
67%
6
67%
7
67%
10
50%
13
50%
14
50%
20
50%
25
50%
31
50%
36
50%
39
50%
40
50%
41
50%
43
50%
45
50%
54
50%
59
50%
5
40%
28
33%
32
33%
46
33%
57
33%
1
0%
11
0%
12
0%
15
0%
19
0%
22
0%
26
0%
27
0%
30
0%
35
0%
38
0%
4
0%
42
0%
48
0%
50
0%
52
0%
53
0%
58
0%
60
0%
8
0%
No matching quizzes found
Score Distribution
Percent of People with Each Score
Percentile by Number Answered
Your Score History
You have not taken this quiz